[Event "Berlin-ch Seniors op 33rd"]
[Site "Berlin"]
[Date "2017.02.07"]
[Round "7"]
[White "Triegel, Rudi"]
[Black "Schiemann, Dieter"]
[Result "1-0"]
[WhiteElo "1677"]
[BlackElo "1496"]
[PlyCount "79"]
[EventDate "2017.01.31"]
[EventType "swiss"]
[EventRounds "9"]
[EventCountry "GER"]
[SourceTitle "EXT 2019"]
[Source "ChessBase"]
[SourceDate "2018.10.10"]
[SourceVersion "1"]
[SourceVersionDate "2018.10.10"]
[SourceQuality "1"]

1. e4 e5 2. Nf3 Nf6 3. Nxe5 Qe7 4. Nf3 Nxe4 5. Be2 d5 6. 0-0 Bg4 7. Re1 Qc5 8. d4 Qb6 9. h3 Bh5 10. c3 Nd7 11. Ng5 c5 12. Bxh5 g6 13. Bf3 f5 14. Qb3 Qxb3 15. axb3 Ndf6 16. Nxe4 fxe4 17. Be2 Be7 18. Bb5+ Kf7 19. Be3 Rhc8 20. Be2 Kg7 21. f3 a5 22. Nd2 b6 23. fxe4 cxd4 24. Bxd4 Bc5 25. Bxc5 Rxc5 26. Bf3 Rd8 27. e5 Nd7 28. Bg4 d4 29. cxd4 Rc2 30. Nc4 b5 31. Nxa5 Nb6 32. Red1 Rxb2 33. Be6 Rc2 34. d5 Re2 35. Rac1 Rxe5 36. Nc6 Rdxd5 37. Nxe5 Rxe5 38. Bg4 Kh6 39. Re1 Rxe1+ 40. Rxe1 1-0

[Event "Berlin-ch Seniors op 31st"]
[Site "Berlin"]
[Date "2015.01.30"]
[Round "2"]
[White "Petkov, Peter"]
[Black "Triegel, Rudi"]
[Result "1-0"]
[WhiteElo "1838"]
[BlackElo "1531"]
[PlyCount "127"]
[EventDate "2015.01.29"]
[EventType "swiss"]
[EventRounds "9"]
[EventCountry "GER"]
[SourceTitle "EXT 2018"]
[Source "ChessBase"]
[SourceDate "2017.10.13"]
[SourceVersion "1"]
[SourceVersionDate "2017.10.13"]
[SourceQuality "1"]

1. e4 e5 2. Nf3 Nf6 3. Nc3 d6 4. d4 exd4 5. Nxd4 a6 6. Bg5 Be7 7. Qd2 Nbd7 8. f3 h6 9. Be3 Ne5 10. Be2 Bd7 11. g4 Nh7 12. 0-0-0 b5 13. Nf5 Bxf5 14. gxf5 Nc4 15. Bxc4 bxc4 16. Nd5 Nf6 17. Rhg1 Nxd5 18. Qxd5 Kf8 19. Qxc4 Qc8 20. f4 Bf6 21. Bd4 Bxd4 22. Qxd4 Rh7 23. Rd3 Qd8 24. e5 Ke7 25. Qe4 Kf8 26. Re1 Rb8 27. exd6 cxd6 28. Qd4 Rb6 29. Rde3 Rb8 30. c3 Rh8 31. Rg1 Qf6 32. Rd3 Qxd4 33. Rxd4 Rb6 34. Re1 h5 35. Rde4 Rb8 36. Rd4 Rb6 37. Red1 Ke7 38. Kc2 Rh6 39. Rd5 Rb5 40. c4 Rc5 41. Rxc5 dxc5 42. Rd5 Rc6 43. Kd3 Rd6 44. Ke4 f6 45. h4 a5 46. Ke3 Kd7 47. Rxc5 Ra6 48. b3 Kd6 49. Rd5+ Kc6 50. Rb5 Ra7 51. Kd4 Rd7+ 52. Rd5 Ra7 53. Kc3 Ra6 54. a3 Ra7 55. b4 axb4+ 56. axb4 Ra3+ 57. Kd4 Rh3 58. b5+ Kc7 59. c5 Rxh4 60. b6+ Kc8 61. c6 Rxf4+ 62. Kc5 Rf1 63. b7+ Kc7 64. Rd7+ 1-0